| 000 | 00340nam a2200133Ia 4500 | ||
|---|---|---|---|
| 008 | 191201s2010 xx 000 0 und d | ||
| 100 | _aNEGUS, Christopher | ||
| 245 | 0 | _aFedora 10 and hat enterprise linux bible | |
| 250 | _aRev | ||
| 260 |
_c2010 _bWiley Dreautech India _aN. delhi |
||
| 300 | _a1072 | ||
| 650 | _aCSE | ||
| 942 |
_2ddc _cBB _02 |
||
| 999 |
_c7383 _d7383 |
||